[Event "Gibraltar Chess Festival 2017 - Masters"]
[Site "Gibraltar ENG"]
[Date "2017.01.27"]
[Round "4.83"]
[White "Lopez Mulet, Inigo"]
[Black "Compton, Alistair"]
[Result "1-0"]
[WhiteElo "2304"]
[BlackElo "2094"]
[PlyCount "101"]
[EventDate "2017.01.24"]
[EventType "swiss"]
[EventRounds "10"]
[EventCountry "ENG"]
[SourceTitle "Ajedrez en Madrid"]
[Source "lmi"]
[SourceDate "2017.01.24"]

1. d4 d5 2. c4 dxc4 3. Nf3 Nf6 4. e3 Bg4 5. Bxc4 e6 6. h3 Bh5 7. O-O Nc6 8. Bb5
Bd6 9. Qa4 Bxf3 10. gxf3 O-O 11. Bxc6 bxc6 12. Qxc6 Nd5 13. f4 Qh4 14. Kg2 g5
15. Nc3 gxf4 16. exf4 Nxf4+ 17. Bxf4 Qxf4 18. Qe4 Qh2+ 19. Kf3 Qxh3+ 20. Ke2
Qf5 21. Qxf5 exf5 22. Rg1+ Kh8 23. Rg5 Rab8 24. b3 c5 25. Rh1 cxd4 26. Nd5 f6
27. Rxf5 Be5 28. Kd3 Rbd8 29. Ne7 Rfe8 30. Nc6 Rd6 31. Na5 Rd7 32. Nc4 Kg7 33.
Rg1+ Kh8 34. f4 Bc7 35. Rxf6 Rg8 36. Rxg8+ Kxg8 37. Ne5 Bxe5 38. fxe5 Kg7 39.
b4 Rd5 40. Ra6 Rxe5 41. Rxa7+ Kg6 42. Kxd4 Rf5 43. Ra6+ Kg7 44. Re6 h5 45. a4
h4 46. a5 h3 47. Re2 Rh5 48. Rh2 Kf6 49. a6 Rh7 50. b5 Kf5 51. b6 1-0

[Event "Gibraltar Chess Festival 2017 - Masters"]
[Site "Gibraltar ENG"]
[Date "2017.01.27"]
[Round "4.84"]
[White "Haussernot, Cecile"]
[Black "Pourkashiyan, Atousa"]
[Result "0-1"]
[WhiteElo "2108"]
[BlackElo "2303"]
[PlyCount "48"]
[EventDate "2017.01.24"]
[EventType "swiss"]
[EventRounds "10"]
[EventCountry "ENG"]
[SourceTitle "Ajedrez en Madrid"]
[Source "lmi"]
[SourceDate "2017.01.24"]

1. e4 c5 2. Nf3 e6 3. d4 cxd4 4. Nxd4 a6 5. Nc3 Qc7 6. Bd3 Bc5 7. Nb3 Be7 8.
Qg4 g6 9. Bg5 Nc6 10. Bxe7 Ngxe7 11. O-O-O d6 12. h4 e5 13. Qg5 Be6 14. Be2
O-O-O 15. Bg4 f5 16. Bh3 Kb8 17. h5 Bxb3 18. axb3 Nd4 19. exf5 gxf5 20. g3 Rhg8
21. Qh6 Nec6 22. Kb1 Nb4 23. Rd2 d5 24. f4 Rd6 0-1

[Event "Gibraltar Chess Festival 2017 - Masters"]
[Site "Gibraltar ENG"]
[Date "2017.01.27"]
[Round "4.85"]
[White "Agbabishvili, Lali"]
[Black "Kantane, Anna"]
[Result "1/2-1/2"]
[WhiteElo "2095"]
[BlackElo "2259"]
[PlyCount "120"]
[EventDate "2017.01.24"]
[EventType "swiss"]
[EventRounds "10"]
[EventCountry "ENG"]
[SourceTitle "Ajedrez en Madrid"]
[Source "lmi"]
[SourceDate "2017.01.24"]

1. Nf3 Nf6 2. g3 g6 3. Bg2 Bg7 4. O-O O-O 5. d4 d6 6. Nbd2 c5 7. c3 Nc6 8. e4
cxd4 9. Nxd4 Nd7 10. N2b3 Nce5 11. Qe2 Nb6 12. h3 Bd7 13. f4 Nec4 14. f5 Qc7
15. Rb1 Ne5 16. Bg5 Rfe8 17. Nd2 a6 18. Rf2 Bb5 19. Nxb5 axb5 20. a3 Nbc4 21.
g4 Qb6 22. Nb3 Rad8 23. Rbf1 Nxb2 24. Qxb2 Nd3 25. Qc2 Nxf2 26. Rxf2 Rc8 27. f6
Bxf6 28. Bxf6 exf6 29. Qd2 Qc7 30. Nd4 Re5 31. Bf1 Qxc3 32. Qxc3 Rxc3 33. Nxb5
Rb3 34. Nxd6 Kg7 35. Nxf7 Rxe4 36. Nd6 Re1 37. Kh2 b6 38. a4 Rbb1 39. Bg2 Rbc1
40. Rb2 Ra1 41. Rxb6 Ra2 42. Rb7+ Kf8 43. Rb8+ Kg7 44. Rb3 Ree2 45. Rg3 Rxa4
46. Kg1 Ra1+ 47. Bf1 Kf8 48. Rf3 Ke7 49. Nb5 Ree1 50. Nd4 Rac1 51. Rf2 Red1 52.
Nf3 Kf7 53. Ng5+ Kg7 54. Ne4 Re1 55. Ng3 Ra1 56. Kh2 Ra3 57. Bg2 Rae3 58. Rc2
Re7 59. Bf3 R1e3 60. Kg2 Ra3 1/2-1/2

[Event "Gibraltar Chess Festival 2017 - Masters"]
[Site "Gibraltar ENG"]
[Date "2017.01.27"]
[Round "4.86"]
[White "Sanchez Jerez, Emilio Miguel"]
[Black "Lochte, Thomas"]
[Result "1-0"]
[WhiteElo "2257"]
[BlackElo "2070"]
[PlyCount "63"]
[EventDate "2017.01.24"]
[EventType "swiss"]
[EventRounds "10"]
[EventCountry "ENG"]
[SourceTitle "Ajedrez en Madrid"]
[Source "lmi"]
[SourceDate "2017.01.24"]

1. e4 e5 2. Bc4 Nf6 3. Nc3 c6 4. d4 Qa5 5. dxe5 Nxe4 6. Qf3 Nxc3 7. Bxf7+ Kd8
8. bxc3 Qxe5+ 9. Ne2 Be7 10. Bf4 Qf6 11. Qg3 d6 12. Bb3 Nd7 13. O-O-O Kc7 14.
Nd4 Nc5 15. Rhe1 Rd8 16. Rxe7+ Qxe7 17. Bg5 Qf8 18. Bxd8+ Kxd8 19. Qh4+ Qe7 20.
Qxh7 Qg5+ 21. Kb2 Qxg2 22. Qg8+ Kc7 23. f4 Bg4 24. Qxg7+ Kb6 25. Ne6 Qe2 26.
Qc7+ Ka6 27. Nxc5+ dxc5 28. Re1 Qf3 29. Re3 Qh1 30. Re7 Bc8 31. a4 Qf1 32. Re1
1-0

[Event "Gibraltar Chess Festival 2017 - Masters"]
[Site "Gibraltar ENG"]
[Date "2017.01.27"]
[Round "4.87"]
[White "Korning, Peter"]
[Black "Plotkin, Victor"]
[Result "1/2-1/2"]
[WhiteElo "2080"]
[BlackElo "2253"]
[PlyCount "71"]
[EventDate "2017.01.24"]
[EventType "swiss"]
[EventRounds "10"]
[EventCountry "ENG"]
[SourceTitle "Ajedrez en Madrid"]
[Source "lmi"]
[SourceDate "2017.01.24"]

1. e4 e5 2. Nf3 Nf6 3. Nxe5 d6 4. Nf3 Nxe4 5. d4 Be7 6. Bd3 d5 7. O-O O-O 8. c4
Nf6 9. Nc3 Nc6 10. cxd5 Nxd5 11. Nxd5 Qxd5 12. Bf4 Bg4 13. Be2 Bd6 14. Bxd6
Qxd6 15. d5 Ne7 16. Qd4 Bxf3 17. Bxf3 Rfd8 18. Rfd1 c6 19. Rd3 Nxd5 20. Bxd5
Qxd5 21. Rad1 Qxd4 22. Rxd4 Rxd4 23. Rxd4 g6 24. Rd7 Rb8 25. g4 g5 26. Kg2 Kg7
27. Kg3 Kf6 28. f4 Ke6 29. Rc7 gxf4+ 30. Kxf4 h6 31. h3 a5 32. Ke4 a4 33. a3
Kf6 34. Kf4 Ke6 35. Ke4 Kf6 36. Kf4 1/2-1/2

[Event "Gibraltar Chess Festival 2017 - Masters"]
[Site "Gibraltar ENG"]
[Date "2017.01.27"]
[Round "4.88"]
[White "Eagleton, Greg T"]
[Black "Pratyusha, Bodda"]
[Result "0-1"]
[WhiteElo "2055"]
[BlackElo "2247"]
[PlyCount "68"]
[EventDate "2017.01.24"]
[EventType "swiss"]
[EventRounds "10"]
[EventCountry "ENG"]
[SourceTitle "Ajedrez en Madrid"]
[Source "lmi"]
[SourceDate "2017.01.24"]

1. d4 d5 2. Nf3 Nf6 3. Bg5 c5 4. e3 Nc6 5. c3 e6 6. Nbd2 h6 7. Bh4 Be7 8. Bd3
a6 9. O-O cxd4 10. exd4 b5 11. Re1 O-O 12. a3 Bd7 13. Ne5 Na5 14. f4 Nc4 15.
Ndxc4 bxc4 16. Bc2 Rb8 17. Rb1 Rb7 18. g4 Nh7 19. Bg3 Bd6 20. Qe2 Bc8 21. h4 f6
22. Ng6 Re8 23. b3 cxb3 24. Bxb3 Nf8 25. Nxf8 Kxf8 26. Qd3 Qc7 27. Ba4 Rxb1 28.
Rxb1 Re7 29. Qh7 Qxc3 30. Qh8+ Kf7 31. Kh2 Qxd4 32. Qxc8 Qxa4 33. Qc1 Rc7 34.
Qe1 Bxf4 0-1

[Event "Gibraltar Chess Festival 2017 - Masters"]
[Site "Gibraltar ENG"]
[Date "2017.01.27"]
[Round "4.89"]
[White "Hewson, Brian Wr"]
[Black "Bannink, Bernard"]
[Result "1/2-1/2"]
[WhiteElo "2055"]
[BlackElo "2244"]
[PlyCount "162"]
[EventDate "2017.01.24"]
[EventType "swiss"]
[EventRounds "10"]
[EventCountry "ENG"]
[SourceTitle "Ajedrez en Madrid"]
[Source "lmi"]
[SourceDate "2017.01.24"]

1. d4 d5 2. Nf3 Nf6 3. c4 c6 4. e3 Bg4 5. h3 Bxf3 6. Qxf3 e6 7. Bd3 Nbd7 8. O-O
Be7 9. Nc3 O-O 10. Rd1 Bb4 11. Bd2 Ba5 12. b3 Re8 13. e4 e5 14. cxd5 exd4 15.
Nb1 Ne5 16. Qe2 cxd5 17. exd5 Qxd5 18. Bc4 Nxc4 19. Qxc4 Qxc4 20. bxc4 Bb6 21.
a4 Ne4 22. Be1 Rac8 23. a5 Bc5 24. Kf1 Be7 25. Ra4 Red8 26. f3 Nc5 27. Rb4 Rd7
28. Nd2 Nd3 29. Rb3 Ne5 30. Rdb1 Bd8 31. Rxb7 Bxa5 32. Rxd7 Nxd7 33. Rb7 Rc7
34. Rxc7 Bxc7 35. Bf2 Bf4 36. Nb3 Be3 37. c5 Kf8 38. c6 Nb6 39. Nxd4 Bxf2 40.
Kxf2 g6 41. Ke3 Ke7 42. Nb5 a6 43. Nc7 a5 44. Nb5 a4 45. Kd4 a3 46. Nxa3 Kd6
47. f4 Kxc6 48. Nc2 Kd6 49. Ne3 Ke6 50. g4 f5 51. g5 Nc8 52. Nf1 Nd6 53. Ng3
Nb5+ 54. Ke3 Kd5 55. h4 Nd4 56. h5 Ne6 57. hxg6 hxg6 58. Ne2 Kc4 59. Nc1 Nc7
60. Ne2 Nd5+ 61. Kd2 Kb5 62. Ke1 Kc5 63. Kd1 Nb6 64. Kd2 Kc4 65. Ke3 Kc5 66.
Kd3 Nd5 67. Kc2 Ne3+ 68. Kd2 Ng4 69. Kd3 Nf2+ 70. Ke3 Ne4 71. Nc1 Kd5 72. Nd3
Nd6 73. Nb4+ Kc5 74. Nd3+ Kd5 75. Nb4+ Ke6 76. Nc6 Nf7 77. Nd4+ Kd5 78. Nf3 Kc4
79. Nh4 Nh8 80. Nf3 Nf7 81. Nh4 Nh8 1/2-1/2

[Event "Gibraltar Chess Festival 2017 - Masters"]
[Site "Gibraltar ENG"]
[Date "2017.01.27"]
[Round "4.90"]
[White "Cordes, Hans-Joerg"]
[Black "Suez-Panama, Gilles"]
[Result "1/2-1/2"]
[WhiteElo "2242"]
[BlackElo "2010"]
[PlyCount "76"]
[EventDate "2017.01.24"]
[EventType "swiss"]
[EventRounds "10"]
[EventCountry "ENG"]
[SourceTitle "Ajedrez en Madrid"]
[Source "lmi"]
[SourceDate "2017.01.24"]

1. d4 Nf6 2. c4 g6 3. Nc3 Bg7 4. e4 d6 5. h3 O-O 6. Bg5 c5 7. d5 a6 8. Nf3 b5
9. Bd3 b4 10. Na4 h6 11. Bf4 Nh5 12. Bh2 Bd7 13. e5 Qa5 14. b3 Bxa4 15. bxa4
dxe5 16. Nxe5 b3+ 17. Qd2 Qxa4 18. O-O bxa2 19. Rxa2 Qe8 20. Qe3 Nf6 21. Qxc5
Nfd7 22. Qe3 Nxe5 23. Bxe5 Bxe5 24. Qxe5 Nd7 25. Qe3 Kg7 26. c5 Nf6 27. Rxa6
Rxa6 28. Bxa6 Nxd5 29. Qe5+ Nf6 30. Bb7 Qb5 31. Qxe7 Re8 32. Qc7 Ne4 33. Re1
Nd2 34. Rd1 Qe2 35. Rc1 Qe1+ 36. Rxe1 Rxe1+ 37. Kh2 Nf1+ 38. Kg1 Nd2+ 1/2-1/2

[Event "Gibraltar Chess Festival 2017 - Masters"]
[Site "Gibraltar ENG"]
[Date "2017.01.27"]
[Round "4.91"]
[White "Dasaolu, Rotimi"]
[Black "Weisbuch, Udi"]
[Result "1-0"]
[WhiteElo "2051"]
[BlackElo "2240"]
[PlyCount "113"]
[EventDate "2017.01.24"]
[EventType "swiss"]
[EventRounds "10"]
[EventCountry "ENG"]
[SourceTitle "Ajedrez en Madrid"]
[Source "lmi"]
[SourceDate "2017.01.24"]

1. e4 e6 2. d3 d5 3. Qe2 dxe4 4. dxe4 e5 5. Nf3 Nc6 6. h3 Nf6 7. Bg5 h6 8. Bh4
Bd6 9. c3 Qe7 10. Nbd2 g5 11. Bg3 g4 12. hxg4 Bxg4 13. Qb5 O-O-O 14. Bh4 Rhg8
15. O-O-O Bc5 16. Bxf6 Qxf6 17. Qxc5 Rd6 18. Bb5 Bd7 19. Bxc6 Rxc6 20. Qxe5
Rxg2 21. Qxf6 Rxf6 22. Rdg1 Rxg1+ 23. Rxg1 c5 24. Kd1 Kc7 25. Ke2 Ra6 26. a3
Rb6 27. Nc4 Re6 28. Ke3 Kd8 29. Nfe5 Be8 30. f4 b5 31. Nd2 Ke7 32. Rg8 Kd6 33.
b4 cxb4 34. axb4 Ke7 35. Nd3 Rc6 36. Nc5 a5 37. Ndb3 a4 38. Nd4 Rg6 39. Nf5+
Kd8 40. Rxg6 fxg6 41. Nxh6 a3 42. Nb3 Ke7 43. Ng4 Bf7 44. Na1 Be6 45. Ne5 Kf6
46. Nf3 Bd7 47. Ng5 Bg4 48. Kd4 Be2 49. Kd5 Ke7 50. e5 Bc4+ 51. Kc5 a2 52. Ne4
Ke6 53. Nd6 Be2 54. Nxb5 Bg4 55. Nd4+ Ke7 56. Kd5 Bc8 57. b5 1-0

[Event "Gibraltar Chess Festival 2017 - Masters"]
[Site "Gibraltar ENG"]
[Date "2017.01.27"]
[Round "4.92"]
[White "Vea, Odin Blikra"]
[Black "Odeh, Kenneth"]
[Result "1-0"]
[WhiteElo "2234"]
[BlackElo "1969"]
[PlyCount "157"]
[EventDate "2017.01.24"]
[EventType "swiss"]
[EventRounds "10"]
[EventCountry "ENG"]
[SourceTitle "Ajedrez en Madrid"]
[Source "lmi"]
[SourceDate "2017.01.24"]

1. e4 c6 2. d4 d5 3. e5 e6 4. c4 dxc4 5. Bxc4 b6 6. Nf3 Ne7 7. O-O Nd5 8. Nc3
Be7 9. Qe2 a5 10. Nxd5 cxd5 11. Bb5+ Bd7 12. Bd3 Bc8 13. Bf4 Ba6 14. Bxa6 Nxa6
15. Qb5+ Qd7 16. Qxb6 O-O 17. Qb3 Rab8 18. Qc2 Rfc8 19. Qe2 Qb7 20. Rab1 Nb4
21. a3 Nc6 22. g3 a4 23. Bd2 Qb3 24. Rfc1 Nd8 25. Rxc8 Rxc8 26. Rc1 Rxc1+ 27.
Bxc1 h6 28. Kg2 Nc6 29. Qa6 Qc4 30. Qxc4 dxc4 31. Nd2 Na5 32. Nb1 Nb3 33. Be3
Kf8 34. Nc3 Ke8 35. Nxa4 Kd8 36. Nb6 c3 37. bxc3 Bxa3 38. Kf3 Kc7 39. Nc4 Be7
40. Ke4 Kc6 41. Kd3 Kd5 42. h4 h5 43. Nb2 Ba3 44. c4+ Kc6 45. Na4 Bb4 46. Ke4
f5+ 47. exf6 gxf6 48. d5+ Kd6 49. dxe6 Kxe6 50. c5 f5+ 51. Kf4 Kf6 52. Kf3 Ke6
53. c6 Nd2+ 54. Bxd2 Bxd2 55. c7 Kd7 56. Nc5+ Kxc7 57. Ne6+ Kd6 58. Nf4 Ke5 59.
Nxh5 Bh6 60. Nf4 Bg7 61. Ng2 Bh6 62. Ne3 Bf8 63. Ke2 Ke4 64. f3+ Ke5 65. Ng2
Bc5 66. h5 Bf8 67. Kd3 Bc5 68. Ne3 f4 69. Nc4+ Kf5 70. g4+ Kg5 71. Ke4 Bf8 72.
Ne5 Bb4 73. Nd3 Bd2 74. Nf2 Kh4 75. Kf5 Be3 76. Ne4 Kh3 77. h6 Kg2 78. h7 Bd4
79. Nf6 1-0

[Event "Gibraltar Chess Festival 2017 - Masters"]
[Site "Gibraltar ENG"]
[Date "2017.01.27"]
[Round "4.93"]
[White "Carlsten, Peter"]
[Black "Damia, Angelo"]
[Result "0-1"]
[WhiteElo "2047"]
[BlackElo "2233"]
[PlyCount "122"]
[EventDate "2017.01.24"]
[EventType "swiss"]
[EventRounds "10"]
[EventCountry "ENG"]
[SourceTitle "Ajedrez en Madrid"]
[Source "lmi"]
[SourceDate "2017.01.24"]

1. e4 c5 2. Nf3 a6 3. c4 Nc6 4. Nc3 g6 5. d4 cxd4 6. Nxd4 Bg7 7. Be3 d6 8. Be2
Nf6 9. O-O O-O 10. f3 Nd7 11. Kh1 Nxd4 12. Bxd4 Bxd4 13. Qxd4 Qb6 14. Qd2 Nf6
15. f4 Qc5 16. h3 b5 17. cxb5 axb5 18. a3 Bb7 19. Bf3 b4 20. axb4 Qxb4 21. Rae1
Rad8 22. Rf2 Kg7 23. Nd5 Qxd2 24. Rxd2 Bxd5 25. exd5 Rfe8 26. Bd1 Ra8 27. Bf3
Ra4 28. g3 Kf8 29. Kg2 Rc8 30. Re3 Rb8 31. b3 Ra3 32. Rdd3 Rb5 33. Rc3 Nxd5 34.
Bxd5 Rxd5 35. Rc8+ Kg7 36. Rxe7 Rd2+ 37. Kf3 Rxb3+ 38. Re3 Rdd3 39. Rxd3 Rxd3+
40. Kf2 h5 41. Rd8 Kf6 42. Kg2 Ke7 43. Ra8 Ke6 44. g4 h4 45. Rh8 Rg3+ 46. Kh2
Rf3 47. Rxh4 Rxf4 48. Kg3 Rf1 49. Rh8 g5 50. h4 gxh4+ 51. Rxh4 d5 52. Kg2 Rf6
53. Rh1 d4 54. Kg3 Ke5 55. Re1+ Kd5 56. g5 Rg6 57. Kf4 f6 58. gxf6 Rxf6+ 59.
Kg3 d3 60. Ra1 Kd4 61. Ra8 Rf5 0-1

[Event "Gibraltar Chess Festival 2017 - Masters"]
[Site "Gibraltar ENG"]
[Date "2017.01.27"]
[Round "4.94"]
[White "Vilarnovo Caamano, Jose"]
[Black "Heinemann, Josefine"]
[Result "0-1"]
[WhiteElo "2009"]
[BlackElo "2227"]
[PlyCount "118"]
[EventDate "2017.01.24"]
[EventType "swiss"]
[EventRounds "10"]
[EventCountry "ENG"]
[SourceTitle "Ajedrez en Madrid"]
[Source "lmi"]
[SourceDate "2017.01.24"]

1. e4 c5 2. Nf3 d6 3. d4 cxd4 4. Nxd4 Nf6 5. Nc3 a6 6. Bg5 Nbd7 7. f4 h6 8. Bh4
g6 9. Be2 Bg7 10. Bf2 Qc7 11. Qd2 b5 12. Bf3 Bb7 13. a4 b4 14. Nd5 Nxd5 15.
exd5 Nf6 16. Qxb4 Bxd5 17. Bxd5 Nxd5 18. Qd2 O-O 19. c3 Nxf4 20. Qxf4 e5 21.
Qd2 exd4 22. Bxd4 Rfe8+ 23. Kf2 Bxd4+ 24. Qxd4 Qb7 25. Qd2 Qb6+ 26. Kf3 Re5 27.
g4 Qc6+ 28. Kg3 Rd5 29. Qc2 h5 30. h3 Qc4 31. Rad1 Re8 32. Rhe1 h4+ 33. Kg2
Rxe1 34. Rxe1 Qf4 35. Qf2 Rd2 36. Re2 Rxe2 37. Qxe2 Qg3+ 38. Kf1 Qxh3+ 39. Kg1
Qg3+ 40. Qg2 Qe1+ 41. Kh2 Kg7 42. g5 a5 43. Kh3 d5 44. Kh2 Qe4 45. Qd2 f6 46.
gxf6+ Kxf6 47. Qf2+ Kg5 48. Qc5 Qe5+ 49. Kh1 Kh5 50. b4 axb4 51. cxb4 Qe1+ 52.
Kg2 Qg3+ 53. Kf1 Qf3+ 54. Qf2 Qh1+ 55. Qg1 Qxg1+ 56. Kxg1 d4 57. b5 d3 58. Kf2
d2 59. Ke2 h3 0-1

[Event "Gibraltar Chess Festival 2017 - Masters"]
[Site "Gibraltar ENG"]
[Date "2017.01.27"]
[Round "4.95"]
[White "Amgalanbaatar, Ravdanlkhumbuu"]
[Black "Gluckman, David"]
[Result "1/2-1/2"]
[WhiteElo "1988"]
[BlackElo "2215"]
[PlyCount "60"]
[EventDate "2017.01.24"]
[EventType "swiss"]
[EventRounds "10"]
[EventCountry "ENG"]
[SourceTitle "Ajedrez en Madrid"]
[Source "lmi"]
[SourceDate "2017.01.24"]

1. e4 e6 2. d3 c5 3. g3 Nc6 4. Bg2 g6 5. Nc3 Bg7 6. Be3 d6 7. Qd2 Rb8 8. Nge2
a6 9. O-O Nd4 10. Nd1 Nxe2+ 11. Qxe2 Ne7 12. Qd2 O-O 13. Bh6 Nc6 14. Bxg7 Kxg7
15. Ne3 Bd7 16. f4 f5 17. Rae1 b5 18. c3 Qb6 19. Rd1 Rf7 20. d4 cxd4 21. cxd4
Rc8 22. Kh1 fxe4 23. d5 Ne7 24. Bxe4 exd5 25. Nxd5 Nxd5 26. Bxd5 Bc6 27. Qg2
Rf5 28. Bxc6 Qxc6 29. Rd2 g5 30. Qxc6 Rxc6 1/2-1/2

[Event "Gibraltar Chess Festival 2017 - Masters"]
[Site "Gibraltar ENG"]
[Date "2017.01.27"]
[Round "4.96"]
[White "Herbold, Manfred"]
[Black "Roman Lopez, Jesus"]
[Result "1-0"]
[WhiteElo "2198"]
[BlackElo "1962"]
[PlyCount "95"]
[EventDate "2017.01.24"]
[EventType "swiss"]
[EventRounds "10"]
[EventCountry "ENG"]
[SourceTitle "Ajedrez en Madrid"]
[Source "lmi"]
[SourceDate "2017.01.24"]

1. e4 e5 2. d4 exd4 3. Bc4 Nf6 4. Nf3 Nc6 5. e5 d5 6. Bb5 Nd7 7. O-O Be7 8. Re1
O-O 9. Bxc6 bxc6 10. Nxd4 Nb8 11. Qf3 Qd7 12. Nc3 Qg4 13. Qxg4 Bxg4 14. Be3 Rd8
15. Na4 c5 16. Nb3 d4 17. Bd2 Na6 18. Na5 Bd7 19. b3 Bxa4 20. bxa4 Bf8 21. a3
Re8 22. Rab1 Re6 23. Nc4 f6 24. f4 g6 25. g4 fxe5 26. Rxe5 Rae8 27. Rxe6 Rxe6
28. Rb7 Bg7 29. Kf2 Kf8 30. a5 Ke8 31. Rxa7 Kd8 32. Ra8+ Kd7 33. Rg8 Re7 34.
Ra8 Kc6 35. Kf3 Kb7 36. Rd8 Nb8 37. h4 Nd7 38. g5 Nb8 39. h5 Rf7 40. h6 Bf8 41.
Ne5 Rf5 42. a6+ Ka7 43. Ke4 Bd6 44. Nxg6 Rf7 45. Nh4 Nc6 46. Re8 c4 47. f5 c3
48. Bc1 1-0

[Event "Gibraltar Chess Festival 2017 - Masters"]
[Site "Gibraltar ENG"]
[Date "2017.01.27"]
[Round "4.97"]
[White "Tscharotschkin, Michael"]
[Black "Minnema, Rens"]
[Result "1-0"]
[WhiteElo "2190"]
[BlackElo "1893"]
[PlyCount "49"]
[EventDate "2017.01.24"]
[EventType "swiss"]
[EventRounds "10"]
[EventCountry "ENG"]
[SourceTitle "Ajedrez en Madrid"]
[Source "lmi"]
[SourceDate "2017.01.24"]

1. Nf3 d6 2. d4 Nf6 3. g3 g6 4. Bg2 Bg7 5. O-O O-O 6. b3 c6 7. Bb2 Qc7 8. c4
Nbd7 9. Nc3 e5 10. e4 a6 11. d5 c5 12. Ne1 Ne8 13. Nd3 f5 14. f4 exf4 15. Nxf4
Ne5 16. exf5 Bxf5 17. Ne6 Bxe6 18. Rxf8+ Kxf8 19. dxe6 Qe7 20. Qf1+ Kg8 21. Nd5
Qxe6 22. Nb6 Nf3+ 23. Bxf3 Qe3+ 24. Kh1 Bxb2 25. Re1 1-0

[Event "Gibraltar Chess Festival 2017 - Masters"]
[Site "Gibraltar ENG"]
[Date "2017.01.27"]
[Round "4.98"]
[White "Press, Shaun"]
[Black "Osuna Vega, Enrique"]
[Result "1/2-1/2"]
[WhiteElo "1970"]
[BlackElo "2181"]
[PlyCount "80"]
[EventDate "2017.01.24"]
[EventType "swiss"]
[EventRounds "10"]
[EventCountry "ENG"]
[SourceTitle "Ajedrez en Madrid"]
[Source "lmi"]
[SourceDate "2017.01.24"]

1. e4 d6 2. d4 Nf6 3. Nc3 e5 4. Nf3 Nbd7 5. Bc4 Be7 6. O-O O-O 7. h3 c6 8. a4
a5 9. Be3 Nb6 10. Bb3 Nfd7 11. Qe2 exd4 12. Bxd4 Nc5 13. Bxc5 dxc5 14. Rfd1 Qc7
15. Nd2 Bf6 16. Nc4 Nxc4 17. Bxc4 Bd4 18. Rd3 Kh8 19. Rf1 f5 20. exf5 Bxf5 21.
Rf3 Bg6 22. Rxf8+ Rxf8 23. Nd1 Re8 24. Qd2 Be4 25. Bd3 Bxd3 26. Qxd3 Qe7 27. c3
Bf6 28. Ne3 Rd8 29. Qc2 Bg5 30. Re1 b5 31. Kf1 Qc7 32. Qf5 Bxe3 33. Rxe3 h6 34.
Qxc5 Qh2 35. Ke2 Qxg2 36. axb5 Qh1 37. Rd3 Re8+ 38. Re3 Rd8 39. Rd3 Re8+ 40.
Re3 Rd8 1/2-1/2

[Event "Gibraltar Chess Festival 2017 - Masters"]
[Site "Gibraltar ENG"]
[Date "2017.01.27"]
[Round "4.99"]
[White "Aroven, Mikael"]
[Black "Newbry, Benjamin J"]
[Result "1/2-1/2"]
[WhiteElo "2172"]
[BlackElo "1879"]
[PlyCount "95"]
[EventDate "2017.01.24"]
[EventType "swiss"]
[EventRounds "10"]
[EventCountry "ENG"]
[SourceTitle "Ajedrez en Madrid"]
[Source "lmi"]
[SourceDate "2017.01.24"]

1. b3 e5 2. Bb2 Nc6 3. Nf3 Bd6 4. e4 Nf6 5. d3 Qe7 6. Nbd2 Bc5 7. Be2 d6 8. O-O
O-O 9. c3 d5 10. exd5 Nxd5 11. b4 Bd6 12. b5 Nd8 13. Re1 Bf5 14. Bf1 Nf4 15.
Nc4 f6 16. Bc1 Nd5 17. Bd2 Qd7 18. Nxd6 cxd6 19. c4 Ne7 20. h3 Bg6 21. d4 Ne6
22. Bb4 Rfd8 23. Qd2 Nf5 24. dxe5 dxe5 25. Qxd7 Rxd7 26. c5 Nfd4 27. Nxd4 Rxd4
28. a3 a5 29. Bc3 Rd7 30. c6 bxc6 31. bxc6 Rc7 32. Bb5 Be8 33. Rac1 Bxc6 34.
Bc4 Bd7 35. Bxe6+ Bxe6 36. Bd2 Rxc1 37. Rxc1 Ra7 38. Rc5 a4 39. h4 Kf7 40. Kh2
Rd7 41. Bb4 Kg6 42. Ra5 Bb3 43. Bf8 Kf7 44. Bc5 Rc7 45. Kg3 Bd1 46. f3 Rd7 47.
Ra8 g6 48. Ra7 1/2-1/2

[Event "Gibraltar Chess Festival 2017 - Masters"]
[Site "Gibraltar ENG"]
[Date "2017.01.27"]
[Round "4.100"]
[White "Mueller-Dehn, Christian"]
[Black "Gravett, Alan D"]
[Result "1-0"]
[WhiteElo "2170"]
[BlackElo "1820"]
[PlyCount "75"]
[EventDate "2017.01.24"]
[EventType "swiss"]
[EventRounds "10"]
[EventCountry "ENG"]
[SourceTitle "Ajedrez en Madrid"]
[Source "lmi"]
[SourceDate "2017.01.24"]

1. d4 Nf6 2. c4 d6 3. Nc3 e5 4. Nf3 e4 5. Nd2 Bf5 6. g4 Bxg4 7. Ndxe4 Nxe4 8.
Nxe4 Bf5 9. Ng3 Bg6 10. Bg2 Nc6 11. e4 Be7 12. Be3 Qd7 13. a3 a5 14. Nh5 Bxh5
15. Qxh5 a4 16. O-O g6 17. Qe2 Bf6 18. Rad1 Qe7 19. f4 O-O 20. Qc2 g5 21. f5
Kg7 22. Qe2 Rh8 23. Qh5 Ra6 24. c5 h6 25. Rfe1 Ra5 26. Bf2 dxc5 27. e5 Nxd4 28.
exf6+ Qxf6 29. Bg3 c4 30. Bxc7 Rxf5 31. Qg4 Ne6 32. Ba5 Rxa5 33. Qxc4 Qxb2 34.
Rxe6 fxe6 35. Qc7+ Kf6 36. Qxa5 Qc2 37. Rf1+ Kg6 38. Qe5 1-0

[Event "Gibraltar Chess Festival 2017 - Masters"]
[Site "Gibraltar ENG"]
[Date "2017.01.27"]
[Round "4.101"]
[White "Gamboa Alvarado, Olga Leticia"]
[Black "Veltkamp, Gerben"]
[Result "0-1"]
[WhiteElo "1913"]
[BlackElo "2166"]
[PlyCount "66"]
[EventDate "2017.01.24"]
[EventType "swiss"]
[EventRounds "10"]
[EventCountry "ENG"]
[SourceTitle "Ajedrez en Madrid"]
[Source "lmi"]
[SourceDate "2017.01.24"]

1. d4 Nf6 2. Nc3 d5 3. Bg5 Bf5 4. f4 Nbd7 5. Nf3 h6 6. Bh4 c6 7. e3 Qa5 8. Bd3
e6 9. O-O Bb4 10. Ne5 h5 11. a3 Bxc3 12. bxc3 Ne4 13. Nxd7 Kxd7 14. c4 Qd2 15.
Qc1 Qxc1 16. Rfxc1 Nd6 17. c5 Bxd3 18. cxd3 Nf5 19. Bf2 b5 20. cxb6 axb6 21. a4
Rhb8 22. Kf1 Ra6 23. Ke2 Rba8 24. Rab1 Kc7 25. e4 Nd6 26. f5 Rxa4 27. Bg3 R8a6
28. fxe6 fxe6 29. Be5 Ra2+ 30. Kf3 dxe4+ 31. dxe4 R6a3+ 32. Kf4 Rxg2 33. Rg1
g5# 0-1

[Event "Gibraltar Chess Festival 2017 - Masters"]
[Site "Gibraltar ENG"]
[Date "2017.01.27"]
[Round "4.102"]
[White "Bopp, Thomas"]
[Black "Wilson, Matthew R"]
[Result "0-1"]
[WhiteElo "2157"]
[BlackElo "1791"]
[PlyCount "54"]
[EventDate "2017.01.24"]
[EventType "swiss"]
[EventRounds "10"]
[EventCountry "ENG"]
[SourceTitle "Ajedrez en Madrid"]
[Source "lmi"]
[SourceDate "2017.01.24"]

1. Nf3 Nf6 2. c4 e6 3. g3 d5 4. Bg2 Be7 5. O-O O-O 6. d4 Nbd7 7. Nc3 b6 8. cxd5
exd5 9. Ne5 Bb7 10. Qa4 Nxe5 11. dxe5 Nd7 12. Nxd5 Nc5 13. Nxe7+ Qxe7 14. Qd4
Bxg2 15. Kxg2 Rad8 16. Qc3 Rfe8 17. f4 f6 18. b4 Nd7 19. Bb2 fxe5 20. e3 exf4
21. exf4 Qe4+ 22. Rf3 Nf6 23. Raf1 Rd7 24. Kg1 Red8 25. Re3 Qd5 26. Re5 Qb7 27.
Rg5 Rd2 0-1

[Event "Gibraltar Chess Festival 2017 - Masters"]
[Site "Gibraltar ENG"]
[Date "2017.01.27"]
[Round "4.103"]
[White "Bauer, Dieter"]
[Black "Smith, Andrew Philip"]
[Result "0-1"]
[WhiteElo "1772"]
[BlackElo "2152"]
[PlyCount "74"]
[EventDate "2017.01.24"]
[EventType "swiss"]
[EventRounds "10"]
[EventCountry "ENG"]
[SourceTitle "Ajedrez en Madrid"]
[Source "lmi"]
[SourceDate "2017.01.24"]

1. e4 c5 2. c3 d5 3. exd5 Qxd5 4. d4 e6 5. Nf3 Nf6 6. Na3 Nbd7 7. Bc4 Qc6 8.
Qe2 a6 9. O-O b5 10. Bd3 c4 11. Bc2 Bxa3 12. bxa3 Bb7 13. Re1 O-O 14. Bd2 Nb6
15. Rac1 Rad8 16. Bb1 Nbd5 17. Bg5 h6 18. Bd2 Ne7 19. Qd1 Rd5 20. Re2 Rfd8 21.
Qc2 Rf5 22. Ne1 Ng6 23. f3 Rh5 24. Rd1 Qd6 25. g3 Qxa3 26. g4 Rh3 27. Rxe6 Bxf3
28. Nxf3 Rxf3 29. g5 hxg5 30. Bxg5 Rd5 31. Bxf6 gxf6 32. Re8+ Kg7 33. h4 Rxc3
34. Qe4 Rh5 35. Rf1 Rg3+ 36. Kf2 Rxh4 37. Qa8 Rh2+ 0-1